000 006420000a22002170004500
003 LK-CoMWRAF
008 230817t ||||| |||| 00| 0 eng d
020 _a9840514962
040 _aLK-CoMWRAF
_dLK-CoMWRAF
_eLK-CoMWRAF
041 _aeng
082 _a470
_bBUD
245 _aThe Budget and the Poor
_b
260 _bUniversity Press
_aDhaka (Bangladesh)
_c2000
300 _ap.309
650 _aMacroeconomic policy impacts on public expenditure
650 _aMobilization
650 _aMonitoring the impact of public expenditure on Poverty
650 _aNational Budget and Poverty eradication
650 _aPoverty
942 _cBK
999 _c1457
_d1457